Normal view
MARC view
- Rosas Carrasco, Lesvia Oliva
Entry Nombre Personal
001 - NUMERO DE CONTROL
- campo de control: 32297
003 - IDENTIFICADOR DE NUMERO DE CONTROL
- campo de control: UPN
005 - FECHA Y HORA DE LA ÜLTIMA TRANSACCIÓN
- campo de control: 20210219194431.0
008 - DATOS DE LONGITUD FIJA
- campo de control de longitud fija: nabaccnnaabn|||||||||| b |nc|||||d
035 ## - NUMERO DE CONTROL
- Número de control: UPN11000004404
040 ## - FUENTE DE CATALOGACIÓN
- Lenguaje de catalogación: SPA
- Agencia de transcripción: UPN
100 1# - ENCABEZAMIENTO - NOMBRE PERSONAL
- Nombre personal: Rosas Carrasco, Lesvia Oliva
670 ## - FUENTE EN LA QUE SE LOCALIZARON DATOS
- Cita de la fuente: T
- Uniform Resource Identifier: http://www.quadernsdigitals.net/index.php?accionMenu=autores.VisualizaAutorIU.visualiza&autor_id=6518
680 ## - NOTA PUBLICA DE ACCESO PÚBLICO
- Frase explicativa de la referencia: Investigadora educativa
902 ## - CATALOGADOR
- Catalogador: CAA/030812
